| 000 | 00436nam a2200169Ia 4500 | ||
|---|---|---|---|
| 008 | 130318s9999 xx 000 0 und d | ||
| 020 | _a978 81 7371 745 1 | ||
| 082 | _a658.406 HUG/M | ||
| 100 | _aHughes, Mark | ||
| 245 | _aManaging change:A critical perspective | ||
| 250 | _a2 | ||
| 260 |
_bUniversities Pess _aHyderabad _c2011 |
||
| 300 | _a366 | ||
| 650 | _aHR MANAGEMNT | ||
| 650 | _aMANAGEMENT | ||
| 650 | _aPERSONNEL MANAGEMENT | ||
| 999 |
_c2165 _d2165 |
||